[Event "Gatineau Pentes enneigees"]
[Site "Gatineau"]
[Date "2019.01.29"]
[Round "2"]
[White "Danilov, Alex"]
[Black "Akrib, Fouad"]
[Result "0-1"]
[WhiteElo "1634"]
[BlackElo "1958"]
[PlyCount "88"]
[EventDate "2019.01.22"]
[EventType "swiss"]
[EventRounds "5"]
[EventCountry "CAN"]
[SourceTitle "EXT 2022"]
[Source "ChessBase"]
[SourceDate "2021.10.06"]
[SourceVersion "1"]
[SourceVersionDate "2021.10.06"]
[SourceQuality "1"]

1. Nf3 b5 2. b4 e6 3. e4 Bb7 4. Bxb5 Bxe4 5. 0-0 Bxb4 6. c3 Qf6 7. Qb3 Bd6 8. Be2 Nc6 9. d4 Rb8 10. Qd1 h6 11. Nbd2 Bh7 12. Nc4 Bf4 13. Ba3 Nge7 14. g3 Bg5 15. Nce5 h5 16. Nxd7 Kxd7 17. Ne5+ Ke8 18. Qa4 Rb6 19. Bf3 Bc2 20. Bxc6+ Nxc6 21. Qxc2 Nxe5 22. dxe5 Qxe5 23. Qa4+ Qb5 24. Qxa7 Ra6 25. Qxc7 Rxa3 26. Qc8+ Bd8 27. Rad1 Ke7 28. c4 Qa4 29. Qb7+ Kf6 30. Rd7 Rf8 31. Rfd1 Qa8 32. Qb4 Re8 33. Rxd8 Rxg3+ 34. hxg3 Rxd8 35. Qb2+ Kg6 36. Qc2+ Kf6 37. Rb1 Qf3 38. Qb3 Rd3 39. Qb2+ Kg6 40. Qc2 Kg5 41. c5 h4 42. Qc1+ Kh5 43. c6 hxg3 44. Rb5+ f5 0-1

[Event "Gatineau Feuille d'Erable"]
[Site "Gatineau"]
[Date "2018.10.30"]
[Round "2"]
[White "Rioux, Jocelyn"]
[Black "Danilov, Alex"]
[Result "1/2-1/2"]
[WhiteElo "1665"]
[BlackElo "1669"]
[PlyCount "134"]
[EventDate "2018.10.23"]
[EventType "swiss"]
[EventRounds "5"]
[EventCountry "CAN"]
[SourceTitle "EXT 2022"]
[Source "ChessBase"]
[SourceDate "2021.10.06"]
[SourceVersion "1"]
[SourceVersionDate "2021.10.06"]
[SourceQuality "1"]

1. e4 c5 2. Nf3 e6 3. d4 cxd4 4. Nxd4 Nc6 5. Nc3 Qc7 6. Nxc6 bxc6 7. Bd3 Ne7 8. 0-0 Ng6 9. Be3 Bd6 10. h3 0-0 11. Ne2 Ne5 12. Kh1 c5 13. Ng1 Bb7 14. c3 a5 15. Nf3 Nxf3 16. gxf3 Bf4 17. Qd2 e5 18. Bc4 Kh8 19. Bxf4 exf4 20. Bd5 Qd6 21. Rad1 Bxd5 22. Qxd5 Qh6 23. Qxd7 f5 24. Kh2 fxe4 25. fxe4 f3 26. Qd6 Qh4 27. Rde1 Rad8 28. Qxc5 Qf4+ 29. Kh1 Rd2 30. Qxa5 Qh4 31. Qe5 Rxf2 32. Rxf2 Qxf2 33. Rg1 Rg8 34. Qg3 Qa7 35. Qxf3 Qxa2 36. b4 Qc4 37. Qe3 Rd8 38. Qf3 Rd3 39. Qf8+ Qg8 40. Qxg8+ Kxg8 41. Kh2 Rxc3 42. Rg4 Kf7 43. b5 Rb3 44. Rg5 g6 45. Rd5 Ke6 46. Kg2 Re3 47. Rd4 Rb3 48. Rd5 h6 49. Rc5 g5 50. Rc6+ Ke5 51. Rxh6 Rxb5 52. Kf3 Rb3+ 53. Kg4 Kxe4 54. Kxg5 Rg3+ 55. Kh4 Rg1 56. Kh5 Kf5 57. Rh8 Kf6 58. h4 Kg7 59. Rh6 Rg2 60. Ra6 Kh7 61. Ra7+ Rg7 62. Rxg7+ Kxg7 63. Kg5 Kh7 64. h5 Kg7 65. h6+ Kh7 66. Kh5 Kh8 67. Kg6 Kg8 1/2-1/2

[Event "Gatineau Automne-A"]
[Site "Gatineau"]
[Date "2016.11.15"]
[Round "4"]
[White "Gagnon, Fabien"]
[Black "Danilov, Alex"]
[Result "1-0"]
[WhiteElo "1945"]
[BlackElo "1784"]
[PlyCount "59"]
[EventDate "2016.10.25"]
[EventType "swiss"]
[EventRounds "5"]
[EventCountry "CAN"]
[SourceTitle "EXT 2022"]
[Source "ChessBase"]
[SourceDate "2021.10.06"]
[SourceVersion "1"]
[SourceVersionDate "2021.10.06"]
[SourceQuality "1"]

1. e4 c5 2. Nf3 e6 3. d4 cxd4 4. Nxd4 Nc6 5. Be3 Qc7 6. Be2 Nf6 7. Nd2 Be7 8. c4 0-0 9. 0-0 Nxd4 10. Bxd4 d6 11. f4 e5 12. Be3 exf4 13. Rxf4 Ne8 14. Rf2 Bf6 15. Qb3 Be6 16. Bf3 Be5 17. Rc1 Nf6 18. Nf1 Nd7 19. Qd1 b6 20. b3 Rad8 21. Nd2 g6 22. Nb1 f5 23. exf5 Bxf5 24. Bd5+ Kh8 25. Nc3 Nf6 26. Nb5 Qe7 27. Bg5 a6 28. Nd4 Bxd4 29. Qxd4 Qe5 30. Bxf6+ 1-0

[Event "Gatineau Rentree-A"]
[Site "Gatineau"]
[Date "2016.10.04"]
[Round "4"]
[White "Danilov, Alex"]
[Black "Gagnon, Fabien"]
[Result "0-1"]
[WhiteElo "1761"]
[BlackElo "1968"]
[PlyCount "98"]
[EventDate "2016.09.13"]
[EventType "swiss"]
[EventRounds "5"]
[EventCountry "CAN"]
[SourceTitle "EXT 2022"]
[Source "ChessBase"]
[SourceDate "2021.10.06"]
[SourceVersion "1"]
[SourceVersionDate "2021.10.06"]
[SourceQuality "1"]

1. Nf3 Nf6 2. c4 e6 3. Nc3 d5 4. e3 Be7 5. b3 0-0 6. Bb2 c5 7. d4 Nc6 8. Be2 dxc4 9. bxc4 b6 10. 0-0 cxd4 11. exd4 Bb7 12. a4 Rc8 13. Rc1 Na5 14. Nb1 Ba6 15. Na3 Bxa3 16. Bxa3 Re8 17. Ne5 Nd7 18. c5 Bxe2 19. Qxe2 bxc5 20. dxc5 Nxe5 21. Qxe5 Nc6 22. Qe4 Qd4 23. Qc2 Qf6 24. Bb2 Qf4 25. Rcd1 Red8 26. Rxd8+ Rxd8 27. Bc1 Qd4 28. Be3 Qd3 29. Qxd3 Rxd3 30. Ra1 Kf8 31. g3 Ke8 32. Kf1 Kd7 33. Ke2 Rb3 34. Rd1+ Kc7 35. f4 Ra3 36. Bd4 Ra2+ 37. Kf3 Nxd4+ 38. Rxd4 Rc2 39. h4 Rxc5 40. g4 a5 41. g5 h5 42. Ke4 g6 43. Kd3 Rd5 44. Kc4 Kc6 45. Re4 Kd6 46. Rd4 Kc6 47. Re4 Rc5+ 48. Kd4 Kd6 49. Re5 Rd5+ 0-1

[Event "Gatineau Hull CC Reserve-A"]
[Site "Gatineau"]
[Date "2015.12.22"]
[Round "5"]
[White "Danilov, Alex"]
[Black "Jobin, Gilles G"]
[Result "1-0"]
[WhiteElo "1766"]
[BlackElo "1752"]
[PlyCount "93"]
[EventDate "2015.11.24"]
[EventType "swiss"]
[EventRounds "5"]
[EventCountry "CAN"]
[SourceTitle "EXT 2022"]
[Source "ChessBase"]
[SourceDate "2021.10.06"]
[SourceVersion "1"]
[SourceVersionDate "2021.10.06"]
[SourceQuality "1"]

1. Nf3 Nf6 2. c4 c5 3. g3 Nc6 4. Bg2 g6 5. Nc3 Bg7 6. 0-0 0-0 7. d3 d6 8. e3 Bg4 9. h3 Bd7 10. a3 Rb8 11. Rb1 a6 12. Qc2 Qc8 13. Kh2 b5 14. b3 b4 15. Ne2 bxa3 16. Bxa3 Nb4 17. Qd2 Bc6 18. Nc3 Qb7 19. e4 e5 20. Nd5 Nbxd5 21. cxd5 Bb5 22. b4 c4 23. dxc4 Bxc4 24. Rfe1 Qb5 25. Qe3 Rfc8 26. Nd2 Bd3 27. Rbc1 Bc2 28. Bf1 Qb7 29. b5 axb5 30. Bxd6 Ra8 31. Bxe5 Qe7 32. Bxf6 Qxf6 33. e5 Qd8 34. Bg2 b4 35. Nb1 b3 36. Re2 Ra1 37. Be4 Rxb1 38. Rxb1 Bxb1 39. Bxb1 Qxd5 40. f4 Bf8 41. Rd2 Qa5 42. e6 Qb4 43. exf7+ Kxf7 44. Rd7+ Be7 45. Be4 Ke8 46. Rb7 Qc3 47. Bc6+ 1-0

[Event "Gatineau Equipes"]
[Site "Gatineau"]
[Date "2015.10.20"]
[Round "1"]
[White "Danilov, Alex"]
[Black "Jobin, Gilles G"]
[Result "1-0"]
[WhiteElo "1766"]
[BlackElo "1779"]
[PlyCount "39"]
[EventDate "2015.10.20"]
[EventType "team-swiss"]
[EventRounds "3"]
[EventCountry "CAN"]
[SourceTitle "EXT 2022"]
[Source "ChessBase"]
[SourceDate "2021.10.06"]
[SourceVersion "1"]
[SourceVersionDate "2021.10.06"]
[SourceQuality "1"]

1. Nf3 d6 2. c4 e5 3. g3 Nc6 4. Bg2 e4 5. Ng1 f5 6. d3 exd3 7. Qxd3 Be6 8. b3 Be7 9. Bb2 Bf6 10. Nc3 Qd7 11. Nf3 h6 12. e3 0-0-0 13. Nd4 Ne5 14. Qd2 c6 15. f4 Nf7 16. h4 Be7 17. e4 fxe4 18. Nxe6 Qxe6 19. Bh3 Qxh3 20. Rxh3 1-0